Score 0/16 Timer 03:00
2 Plays Today
Question Answer Wrong Answers
Famous Speech: 'I Have a Dream' Martin Luther King Jr.
87.3%
Malcolm X
1.2%
Received the Nobel Peace Prize Martin Luther King Jr.
86%
Malcolm X
2.1%
Was always against violence Martin Luther King Jr.
84.8%
Malcolm X
3.3%
Believed in fighting back physically when met with violence Malcolm X
83.5%
Martin Luther King Jr.
5.3%
Was a Baptist Martin Luther King Jr.
83.3%
Malcolm X
4.6%
Received no Awards Malcolm X
82.6%
Martin Luther King Jr.
5.7%
Was a Muslim Malcolm X
82.3%
Martin Luther King Jr.
5.7%
Assassinated on April 4, 1968 in Memphis Martin Luther King Jr.
82.1%
Malcolm X
6%
Famous Speech: 'The Ballot or the Bullet' Malcolm X
81.7%
Martin Luther King Jr.
6.3%
Famous Quote: 'Darkness cannot drive out darkness; only light can do that. Hate cannot drive out hate; only love can do that.' Martin Luther King Jr.
81.4%
Malcolm X
6.7%
Assassinated on February 21, 1965 in New York City Malcolm X
76.8%
Martin Luther King Jr.
11.6%
Born January 15, 1929 in Atlanta Martin Luther King Jr.
75.3%
Malcolm X
12.4%
Famous Quote: 'Be peaceful, be courteous, obey the law, respect everyone; but if someone puts his hand on you, send him to the cemetery.' Malcolm X
73.5%
Martin Luther King Jr.
15.2%
Born into a low class family, which would move quite often after his birth Malcolm X
71.8%
Martin Luther King Jr.
16.6%
Born May 19, 1925 in Omaha Malcolm X
71.5%
Martin Luther King Jr.
16.3%
Born into a middle class family Martin Luther King Jr.
71.2%
Malcolm X
17.1%
Come Together.
Have Fun.
All Virtual.
We all need to come together. Play Sporcle's virtual live trivia to have fun, connect with people, and get your trivia on. Join a live hosted trivia game for your favorite pub trivia experience done virtually. If a virtual private party is more your thing, go here for details.

You're not logged in!

Compare scores with friends on all Sporcle quizzes.
OR
Log In

Sporcle TV

Today on Sporcle TV


Watch our educational content, quiz creation guides, and fun videos on Sporcle TV.

Show Comments

Extras

Top Quizzes Today


Score Distribution

Paid Content

Your Account Isn't Verified!

In order to create a playlist on Sporcle, you need to verify the email address you used during registration. Go to your Sporcle Settings to finish the process.

Report this User

Report this user for behavior that violates our Community Guidelines.

Details: